000 00772nam a2200265Ia 4500
003 OSt
005 20220926013955.0
006 a|||||r|||| 00| 0
007 ta
008 220923b |||||||| |||| 00| 0 eng d
020 _a0471238007
037 _cGeneral Book
040 _aRTL
_cRTL
_beng
041 _2eng
_aeng
082 _aU2, P2
100 _aStrahler Alan
_9318858
245 0 _aPhysical geography
_bScience and systems of the huma
250 _a2nd
260 _aNew York
_bJohn Wiley USA
_c2002
300 _axx,748p. Appendix p. 691-704,Glossary p.705-729
_ccm.
650 _aPhysical Geography
700 _a Strahler Arthur
_9298030
942 _hU2, P2
_cGB
_2CC
999 _c627354
_d627354